000
00480nam a2200145Ia 4500
008
100204s9999 xx 000 0 und d
082
_b
16005
100
_a
देशपांडे ना. व्य.
245
_a
सरकार ते सरकार
260
_b
"मौज प्रकाशन , मुंबई"
_c
1992
300
_a
223
630
_a
सरकार ते सरकार
730
_a
सरकार ते सरकार
942
_c
BOOK
999
_c
460428
_d
460425